Die Steckenreiterei das Naive und anderes: Webers Demokrit VII (Record no. 5583)

MARC details
000 -CABECERA
campo de control de longitud fija 00735nam a2200229 a 4500
001 - NÚMERO DE CONTROL
campo de control BRCA_5894
005 - FECHA Y HORA DE LA ÚLTIMA TRANSACCIÓN
campo de control 20190320205244.0
008 - DATOS DE LONGITUD FIJA--INFORMACIÓN GENERAL
campo de control de longitud fija 170311s18??----gw-#######---#000-0#ger-#
041 ## - CÓDIGO DE LENGUA
Código de lengua del texto/banda sonora o título independiente ger
044 ## - CÓDIGO DEL PAÍS DE LA ENTIDAD EDITORA/PRODUCTORA
Código MARC del país gw
050 #4 - SIGNATURA TOPOGRÁFICA DE LA BIBLIOTECA DEL CONGRESO
Número de clasificación PT2553
-- W3
Número de documento/Ítem .D33
100 1# - ENTRADA PRINCIPAL--NOMBRE DE PERSONA
Nombre de persona Weber, Karl Julius
Fechas asociadas al nombre 1767-1832
9 (RLIN) 14903
245 10 - MENCIÓN DE TÍTULO
Título Die Steckenreiterei das Naive und anderes: Webers Demokrit VII
Resto del título Aus ´Demokritos, oder hinterlassene Papiere eines lachenden Philosophen´
Mención de responsabilidad, etc. Karl Julius Weber
260 ## - PUBLICACIÓN, DISTRIBUCIÓN, ETC.
Lugar de publicación, distribución, etc. Leipzig
Nombre del editor, distribuidor, etc. P. Reclam
300 ## - DESCRIPCIÓN FÍSICA
Extensión 102 p.
Dimensiones 16 cm.
440 #0 - MENCIÓN DE SERIE/PUNTO DE ACCESO ADICIONAL--TÍTULO
Título Reclams universal Bibliothek
Designación de volumen o secuencia 5125
9 (RLIN) 14904
500 ## - NOTA GENERAL
Nota general H135
600 14 - PUNTO DE ACCESO ADICIONAL DE MATERIA--NOMBRE DE PERSONA
Nombre de persona Democrito de Abdera
Subdivisión cronológica 460-370 a. C
9 (RLIN) 14905
650 14 - PUNTO DE ACCESO ADICIONAL DE MATERIA--TÉRMINO DE MATERIA
Término de materia o nombre geográfico como elemento de entrada Filosofía
9 (RLIN) 14906
902 ## - CATALOGADOR
Iniciales GFM
942 ## - ELEMENTOS DE PUNTO DE ACCESO ADICIONAL (KOHA)
Fuente del sistema de clasificación o colocación Library of Congress Classification
Tipo de ítem Koha Libros
Holdings
Estado de retiro Estado de pérdida Estado dañado No para préstamo Localización permanente Ubicación/localización actual Fecha de adquisición Número de inventario Total de préstamos Signatura topográfica completa Código de barras Fecha visto por última vez Precio válido a partir de Tipo de ítem Koha
El ejemplar forma parte de la colección y puede ser consultado según las políticas vigentes.       Biblioteca del Museo Franz Mayer (Rogerio Casas-Alatriste) Biblioteca del Museo Franz Mayer (Rogerio Casas-Alatriste) 17/03/2011 H135   PT2553 .D33 W3 (H135) 6333 22/03/2019 22/03/2019 Libros